| 000 | 00582cam a2200229 4500 | ||
|---|---|---|---|
| 001 | ABS61920 | ||
| 008 | 000000n2000 000 0 eng u | ||
| 035 | _a(Sirsi) u104427 | ||
| 100 | _aDavey, J. | ||
| 245 | _aAsda masterplan | ||
| 260 | _c2000 | ||
| 490 |
_aProperty Week _v65(7) 18 February 2000 8-9(2) |
||
| 520 | _aInterview with Asda's head of property. | ||
| 590 | _aABS | ||
| 650 | _aWAL-MART | ||
| 650 | _aASDA | ||
| 650 | _aSUPERMARKETS | ||
| 650 | _aBRANDING | ||
| 650 | _aRETAILING | ||
| 690 | _aPROPERTY-COMMERCIAL PROPERTY-RETAIL PROPERTY | ||
| 942 | _n0 | ||
| 999 |
_c62649 _d62649 |
||